000 00641nam a22002297a 4500
005 20170124105950.0
010 _a628876
020 _c00.00
035 _a628876
037 _bCen Lib/Ret
040 _aDPL
_bEN
082 _a291
_bHED
100 _aHedges, Sid G.
_913421
245 _aWith one voice :
_cby Sid G. Hedges
_bprayers and thoughts from world religions /
260 _aOxford
_bThe Religious Education Press
_c1970
270 _bOxford
300 _ax,181p. :
_c20cm(Hb)
500 _aIncludes index
650 _aHinduism
_979137
650 _aCharistianity
_979138
942 _2ddc
_cEN
_h291
_mHED
999 _c125224
_d125224